| 000 | 00721nam a22001817a 4500 | ||
|---|---|---|---|
| 999 |
_c372028 _d372028 |
||
| 008 | 201127b ||||| |||| 00| 0 eng d | ||
| 040 |
_aDE-2950 _bger _cDE-2950 _erda |
||
| 041 | _ager | ||
| 245 |
_aZoofachgeschäft muss schließen _bEinkaufen. Der Laden in den Lenné-Passagen ist seit vielen Jahren ein Anlaufpunkt für Tierfreunde. Doch damit ist bald Schluss/ _cLisa Mahlke |
||
| 264 | _c2022 | ||
| 653 | _aFrankfurt (Oder) | ||
| 653 | _aZoofachgeschäft | ||
| 773 |
_dFrankfurt (Oder) Märkisches Verlags- und Druckhaus GmbH & Co KG _tMärkische Oderzeitung _g33. Jahrgang (2022) Nr. 286 vom 08.12.2022, S. 15: mit Foto |
||
| 942 | _cA | ||